ICC Men's All-Time Test Player Rankings - Statistics

General Stats
  • This quiz has been taken 25 times
  • The average score is 27 of 50
Answer Stats
Ranking Name Country Rating Year Acheived % Correct
1 Donald Bradman 961 1948
96%
18 Shane Warne 905 1994
96%
2 Steve Smith 947 2017
96%
5 Ricky Ponting 942 2006
91%
7 Kumar Sangakkara 938 2007
87%
11 Virat Kohli 937 2018
87%
3 Imran Khan 922 1983
83%
13 Jacques Kallis 935 2007
83%
13 Matthew Hayden 935 2002
83%
20 James Anderson 903 2018
78%
19 Joe Root 923 2022
78%
4 Muttiah Muralitharan 920 2007
78%
7 Vivian Richards 938 1981
78%
12 Dale Steyn 909 2014
74%
7 Garry Sobers 938 1967
74%
5 Glenn McGrath 914 2001
74%
24 Kane Williamson 919 2021
74%
5 Pat Cummins 914 2019
70%
13 AB de Villiers 935 2014
65%
7 Curtly Ambrose 912 1994
61%
12 Waqar Younis 909 1993
61%
17 Graeme Pollock 927 1970
57%
4 Jack Hobbs 942 1912
57%
22 Kagiso Rabada 902 2018
57%
11 Marnus Labuschagne 937 2022
57%
19 Ravichandran Ashwin 904 2016
57%
12 Shaun Pollock 909 1999
57%
10 Ian Botham 911 1980
52%
11 Malcolm Marshall 910 1988
52%
12 Richard Hadlee 909 1985
52%
3 Len Hutton 945 1954
48%
22 Mike Hussey 921 2008
43%
17 Everton Weekes 927 1956
35%
7 Vernon Philander 912 2013
35%
17 Derek Underwood 907 1971
30%
7 Clyde Walcott 938 1955
26%
25 Denis Compton 917 1948
26%
20 Doug Walters 922 1970
26%
16 Mohammad Yousuf 933 2006
26%
23 Clarrie Grimmett 901 1936
22%
6 Peter May 941 1956
22%
1 Sydney Barnes 932 1914
22%
16 Alan Davidson 908 1961
17%
25 Bill Johnston 900 1952
17%
23 Bill O'Reilly 901 1946
17%
20 Dudley Nourse 922 1951
17%
2 George Lohmann 931 1896
17%
22 Neil Harvey 921 1953
17%
7 Tony Lock 912 1958
17%
20 Alec Bedser 903 1953
13%
No matching quizzes found
Score Distribution
Percent of People with Each Score
Percentile by Number Answered
Your Score History
You have not taken this quiz